000 00425nab a2200145Ia 4500
003 ES-SlBCS
005 20210601134621.0
008 140529s1984 xxu||||| |||| 00| 0 spa d
041 _aspa
100 1 _aLosch, Jorge
_9220479
245 0 0 _aDimensiones educativas en el adolescente
_c Jorge Losch
650 0 4 _aDimensiones Educativas
_9220480
773 0 _tAnthropos
_gvol. 5, nº. 8, 1984, págs. 123-133
_wRev38
942 _cAR
999 _c615359
_d615359